000 00439nam a2200169Ia 4500
003 GCL
008 140319s9999 xx 000 0 eng d
040 _aGCL /
_cGCL
082 0 4 _a616.915
_bR P
100 1 _aREAS, JOHN
245 1 0 _aPRINCIPLES OF CLINICAL MEDICINE /
_cREAS, JOHN
700 1 _aWILLAIMS , D. CWYN
260 _a[S.N] :
_bEDWARD ARNOLD ،
_c1995
650 0 4 _aMEDICINE
650 0 4 _aCLINICAL MEDICINE
942 _2ddc
_cBK
999 _c11242
_d11242